000 00750nam a2200253 a 4500
001 31354
003 BD-RjUL
005 20211209051706.0
008 140415s1963 mau b 000 0 eng
035 _a(BD-RjUL)31441
040 _aDLC
_cDLC
_dm.c
_beng
041 _aeng
082 _a137
_bCAP 1963
100 1 _aCameron, Norman,
_d1896-
_988128
245 1 0 _aPersonality development and psychopathology :
_ba dynamic approach /
260 _aBoston :
_bHoughton Mifflin,
_c1963
300 _axxi, 793 p. ;
_c25 cm
504 _aBibliographical footnotes
650 0 _aPsychology, Pathological
_995415
650 0 _aMental illness
_xEtiology
_995416
650 0 _aPersonality in children
_993217
942 _2ddc
_cBK
999 _c31354
_d31354